ՀՀ Գիտությունների ազգային ակադեմիայի հիմնարար գիտական գրադարան  =   Fundamental Scientific Library of NAS RA

Жижи : (Record no. 176534)

MARC details
000 -LEADER
fixed length control field 00790nam a2200217 u 4500
001 - CONTROL NUMBER
control field 000480846
003 - CONTROL NUMBER IDENTIFIER
control field AM-YeHGA
005 - DATE AND TIME OF LATEST TRANSACTION
control field 20250617134120.0
008 - FIXED-LENGTH DATA ELEMENTS--GENERAL INFORMATION
fixed length control field 060322s1972 ru |||||r|||||000|1|fre d
040 ## - CATALOGING SOURCE
Original cataloging agency AM-YeHGA
041 0# - LANGUAGE CODE
Language code of text/sound track or separate title frerus
090 ## - LOCALLY ASSIGNED LC-TYPE CALL NUMBER (OCLC); LOCAL CALL NUMBER (RLIN)
-- 177978
100 1# - MAIN ENTRY--PERSONAL NAME
Personal name Колетт
Dates associated with a name 1873-1954
Miscellaneous information Колетт, Габриель Сидони
245 10 - TITLE STATEMENT
Title Жижи :
Remainder of title Адаптировано /
Statement of responsibility, etc. Колетт; Адап., коммен. и словарь В.И. Павловой.
246 31 - VARYING FORM OF TITLE
Title proper/short title Gigi
260 ## - PUBLICATION, DISTRIBUTION, ETC.
Place of publication, distribution, etc. Москва :
Name of publisher, distributor, etc. Высшая школа,
Date of publication, distribution, etc. 1972.
300 ## - PHYSICAL DESCRIPTION
Extent 87 с.
440 #0 - SERIES STATEMENT/ADDED ENTRY--TITLE
Title Учебное пособие для начального чтения
650 14 - SUBJECT ADDED ENTRY--TOPICAL TERM
Topical term or geographic name entry element Французский язык
General subdivision Книга для чтения
700 1# - ADDED ENTRY--PERSONAL NAME
Personal name Павлова, В.И.
Holdings
Withdrawn status Lost status Damaged status Not for loan Collection Home library Current library Date acquired Total checkouts Full call number Barcode Date last seen Price effective from Koha item type Public note
        General Fundamental Scientific Library Fundamental Scientific Library 28/12/2016   PII/300303 FL0085563 28/12/2016 28/12/2016 Գրքեր / Books 30 Days Loan


ՀՀ ԳԱԱ հիմնարար գիտական գրադարան
ՀՀ,Երևան 0019
Մարշալ Բաղրամյան 24/6
հեռախոս:(374-10) 52-47-50
Հետադարձ կապ

All site content, except where otherwise noted, is licensed under a
Creative Commons License